000
00323nam a2200133Ia 4500
008
191201s2010 xx 000 0 und d
100
_a
BLACK,Roy
245
0
_a
Electronic Communication Systems
250
_a
Rep
260
_a
N. delhi
_b
CENGAGE Learning
_c
2010
300
_a
985
650
_a
M.Tech (ECE)
942
_2
ddc
_c
BK
999
_c
5116
_d
5116